Premier League Winners!!(Sudden Death) - Estadísticas

Estadísticas generales
  • Esta prueba ha sido intentada 74 veces
  • La puntuación promedio es 14 de 22
Answers on the Grid
Answers color-coded by a green-red scale on the quiz's grid according to % correct below.
Manchester United
Liverpool
Arsenal
Chelsea
Manchester United
Everton
Aston Villa
Sunderland
Newcastle
Sheffield Wednesday
Blackburn Rovers
Leeds United
Wolverhampton
Burnley
Derby County
Portsmouth
Tottenham Hotspur
Ipswich Town
Leicester City
Nottingham Forest
Sheffield United
West Bromwich
Watford
Bournemouth
Luton Town
Coventry City
Doncaster Rovers
Crawley Town
Huddersfield
Fleetwood Town
 
Estadísticas de respuestas
Respuesta % Correcto
Arsenal
95%
Leicester City
93%
Chelsea
92%
Liverpool
92%
Manchester United
92%
Manchester United
90%
Nottingham Forest
80%
Aston Villa
78%
Tottenham Hotspur
75%
Leeds United
73%
Blackburn Rovers
71%
Newcastle
71%
Everton
69%
Sunderland
54%
Sheffield United
47%
Derby County
46%
Ipswich Town
36%
Portsmouth
34%
Sheffield Wednesday
32%
Wolverhampton
31%
West Bromwich
27%
Burnley
20%
No se encontraron pruebas coincidentes
Distribución de puntuación
Porcentaje de gente con cada puntuación
Porcentaje por número respondido
Historial de tus puntuaciones
No has intentado esta prueba.